000 00297nam a22001337a 4500
008 170424b xxu||||| |||| 00| 0 eng d
020 _a9780878932504
041 _aeng
080 _28 ED
_a573
100 _a11
101 _aSHM
245 _aDEVELOPMENT BIOLOGY
_cGILBERT.S.F
942 _2udc
_cBK
999 _c11601
_d11601